Quiz do Mapa das Capitais da América do Sul - Statistics

Estatísticas Gerais
  • Esse quiz foi jogado 16 600 vezes
  • A pontuação média é 9 de 13
Respostas no mapa
Respostas codificadas por cores de uma escala verde-vermelha no mapa do quiz de acordo com a % correta abaixo.
 
Estatísticas das Respostas
Resposta % Correto
Brasília
92%
Buenos Aires
85%
Santiago
80%
Lima
76%
Montevidéu
76%
Bogotá
74%
Assunção
70%
Caracas
70%
Quito
66%
Georgetown
63%
La Paz
55%
Sucre
46%
Paramaribo
41%
Nenhum quiz correspondente encontrado
Distribuição das Pontuações
Porcentagem de Pessoas com Cada Pontuação
Percentil de Números Respondidos
Sua Pontuação Histórica
Você não jogou esse quiz